| 000 | 02451cam a22004574i 4500 | ||
|---|---|---|---|
| 003 | PE-LiUPU | ||
| 005 | 20250731165405.0 | ||
| 008 | 151012s2015 pe grm 000 0 spa d | ||
| 035 | _a(Sirsi) a154799 | ||
| 040 |
_aPE-LiUPU _bspa _cPE-LiUPU _erda |
||
| 099 |
_aTEF 2 _bC29 2015 |
||
| 100 | 1 |
_aCastro Javier, Merly Deysi _eautor |
|
| 245 | 1 |
_aInterrelación afectiva familiar y nivel de depresión en los adultos mayores de 65 años del Asentamiento Humano Miguel Grau, Chaclacayo, Lima, 2014 / _cMerly Deysi Castro Javier. |
|
| 264 | 0 | _c2015. | |
| 300 |
_a84 hojas _c30 cm |
||
| 336 |
_atext _2rdacontent |
||
| 337 |
_aunmediated _2rdamedia |
||
| 338 |
_avolume _2rdacarrier |
||
| 502 |
_aTesis _b(Lic.) -- _cUniversidad Peruana Unión, _d2015. |
||
| 504 | _aIncluye referencias | ||
| 520 | 3 | _aEl objetivo de la investigación es determinar la relación entre la interrelación afectiva familiar y el nivel de depresión en los adultos mayores de 65 años del Asentamiento Humano Miguel Grau, Chaclacayo -Lima. La metodología usada fue de diseño no experimental, enfoque cuantitativo, de alcance descriptivo correlacional, el tipo de muestreo fue probabilístico, la muestra estuvo constituida por 200 adultos mayores de 65 años de edad. Se utilizó 2 instrumentos: la escala de Depresión Geriátrica Yasavage, la cual consta de 15 preguntas y escala de apoyo familiar de Leiton que consta de 10 preguntas. Los resultados evidenciaron que 47.0% de la población en estudio presentó depresión leve, 11.5% depresión interrelación afectiva familiar de nivel alto, 59% moderada y 5.5% baja. En conclusión según la prueba estadística Chi Cuadrado con un nivel de p=.000, se encontró que si existe relación significativa entre el nivel de depresión y la interrelación afectiva familiar en los adultos mayores de 65 años. | |
| 526 | _aSEG44 | ||
| 526 | _aSEG26 | ||
| 526 | _aP151 | ||
| 526 | _aP150 | ||
| 526 | _aP149 | ||
| 526 | _aP146 | ||
| 526 | _aP145 | ||
| 526 | _aP126 | ||
| 526 | _aP125 | ||
| 526 | _aP92 | ||
| 526 | _aP75 | ||
| 526 | _aP74 | ||
| 526 | _aP27 | ||
| 526 | _aP15 | ||
| 650 | 0 | 4 |
_aAdulto mayor _xRelaciones familiares _xDepresión. |
| 700 | 1 |
_aCerdán Campos, Edilberto _eautor |
|
| 596 | _a1 | ||
| 942 |
_2ddc _cTESIS |
||
| 999 |
_aTEF 2 C29 2015 _wALPHANUM _c7493 _iT01725 _d7493 _lCCODEBUL3 _mBUL _q1 _r1 _sY _tTESIS _u2015-10-12 _xSALUD _PP22 _o.STAFF. Tesis |
||
| 980 |
_81 _gALBERTO SANCHEZ Responsable de Automatización |
||